Score 0/26 Timer 03:00
0 Plays Today
Hint Answer % Correct
No Q answerNo Q answer
100%
No X answerNo X answer
99.7%
Room where a prisoner is keptCell
94.3%
Utter a sudden loud cryYell
90.7%
Involving the mouth or mouth regionOral
90.7%
Youthful femaleGirl
90.3%
Prearranged fight with deadly weaponDuel
90%
Charge payable to use a bridge or roadToll
89.3%
Shaft dug or drilled to obtain waterWell
87%
Small bottle that contains a drugVial
86.3%
Russian river, rising in the ____ MountainsUral
85.7%
Part of a boatHull
85%
Effigy that is worshippedIdol
85%
Hint Answer % Correct
Container with a handle : bucketPail
84.3%
Period of calm weatherLull
84%
First king of the IsraelitesSaul
83.3%
Excessive fervor to do somethingZeal
81.7%
British peer ranking below a marquessEarl
81.7%
Lacking any legal or binding forceNull
81%
Part of a boatKeel
79.3%
Remove (water) from a vessel Bail
72%
Slender flexible swordFoil
67.3%
The jaw in vertebratesJowl
62.3%
Stagger or lurch violentlyReel
53.7%
Heavy long-handled hammerMaul
51%
Blue dye obtained from plantsAnil
32.7%
Remove Ads.
Support Sporcle.
Get the best of Sporcle when you Go Orange. This ad-free experience offers more features, more stats, and more fun while also helping to support Sporcle. Thank you for becoming a member.

You're not logged in!

Compare scores with friends on all Sporcle quizzes.
OR
Log In

Show Comments

Extras

Top Quizzes Today


Score Distribution

Your Account Isn't Verified!

In order to create a playlist on Sporcle, you need to verify the email address you used during registration. Go to your Sporcle Settings to finish the process.

Report this User

Report this user for behavior that violates our Community Guidelines.

Details: